|
|
|
|
| LEADER |
00000nam0a2200000 4500 |
| 001 |
348873 |
| 005 |
20231102010141.0 |
| 035 |
|
|
|a (RuTPU)RU\TPU\retro\730
|
| 090 |
|
|
|a 348873
|
| 100 |
|
|
|a 20180323d1962 km y0rusy50 ca
|
| 101 |
0 |
|
|a rus
|
| 102 |
|
|
|a RU
|
| 105 |
|
|
|a a z 001zy
|
| 200 |
1 |
|
|a Автоматизация добычи нефти
|f А. А. Абдуллаев, М. М. Асланов, В. М. Мальян
|g Государственный комитет Совета Министров СССР по автоматизации и машиностроению ; Научно-исследовательский и проектный институт по комплексной автоматизации в нефтяной и химической промышленности (НИПИНефтехимавтомат)
|
| 210 |
|
|
|a Москва
|c ЦБТИ
|d 1962
|
| 215 |
|
|
|a 96 с.
|c ил.
|
| 320 |
|
|
|a Библиогр.: с. 94
|
| 606 |
1 |
|
|a Нефтедобыча
|x Автоматизация комплексная
|x Экономическая эффективность
|2 stltpush
|3 (RuTPU)RU\TPU\subj\45676
|9 64869
|
| 610 |
1 |
|
|a нефтедобывающая промышленность
|
| 610 |
1 |
|
|a телемеханизация
|
| 610 |
1 |
|
|a диспетчеризация
|
| 610 |
1 |
|
|a глубинно-насосные скважины
|
| 610 |
1 |
|
|a фонтанные скважины
|
| 610 |
1 |
|
|a промыслы
|
| 610 |
1 |
|
|a нефтепродукты
|
| 610 |
1 |
|
|a хранение
|
| 610 |
1 |
|
|a вычислительные машины
|
| 610 |
1 |
|
|a приборы
|
| 610 |
1 |
|
|a схемы
|
| 675 |
|
|
|a 622.323.012:658.5
|v 4
|
| 700 |
|
1 |
|a Абдуллаев
|b А. А.
|
| 701 |
|
1 |
|a Асланов
|b М. М.
|
| 701 |
|
1 |
|a Мальян
|b В. М.
|
| 712 |
0 |
2 |
|a Государственный комитет Совета Министров СССР по автоматизации и машиностроению
|2 stltpush
|3 (RuTPU)RU\TPU\col\8111
|9 24482
|
| 712 |
0 |
2 |
|a Научно-исследовательский и проектный институт по комплексной автоматизации в нефтяной и химической промышленности (НИПИНефтехимавтомат)
|c (Сумгаит, Азербайджан)
|2 stltpush
|3 (RuTPU)RU\TPU\col\19044
|
| 801 |
|
1 |
|a RU
|b 63413507
|c 20180323
|
| 801 |
|
2 |
|a RU
|b 63413507
|c 20180323
|g RCR
|
| 942 |
|
|
|c BK
|